| 000 | 01787nam0a2200385 4500 | ||
|---|---|---|---|
| 001 | RU\NLR\BIBL_A\011865339 | ||
| 005 | 20181219090227.0 | ||
| 010 |
_a978-5-9758-1584-3 _9500 |
||
| 021 |
_aRU _bКН-П-18-080107 _9КН-П-18-5805 |
||
| 035 | _a(NLR Aleph) 011865339 | ||
| 035 | _a(RuMoRGB)009783413 | ||
| 090 |
_a12175313 _c12175313 |
||
| 100 | _a20181119d2018 k y0rusy50 ca | ||
| 101 | 0 | _arus | |
| 102 | _aRU | ||
| 105 | _ah z 000zy | ||
| 200 | 1 |
_aМолодёжи об исторических уроках патриотизма и гражданственности _fН. Я. Чернышкина |
|
| 205 | _a4-е изд., перераб. и доп. | ||
| 210 |
_aСаратов _cНаучная книга _d2018 |
||
| 215 |
_a443 с., [8] с. ил., цв. ил., портр. _cфакс. _d21 |
||
| 300 | _aНа 4-й с. обл. авт.: Чернышкина Нина Яковлевна, доц., к.ист.н. | ||
| 320 | _aДр. книги авт. на 4-й с. обл. | ||
| 320 | _aБиблиогр.: с. 440-443 и в подстроч. примеч. | ||
| 606 | 1 |
_aМолодежь _xПатриотическое воспитание _yРоссийская Федерация _2nlr_sh2 _3RU\NLR\AUTH\661266290 |
|
| 606 | 1 |
_aМолодежь _xВоспитание гражданственности _yРоссийская Федерация _2nlr_sh2 _3RU\NLR\AUTH\6601580326 |
|
| 607 |
_aРоссия _xИстория _2nlr_sh1 _2nlr_sh2 _3RU\NLR\AUTH\66979780 |
||
| 686 | 1 | _aЧ313.521.3 | |
| 686 | 1 | _aТ3(2) | |
| 686 | 1 | _aЦ4,6(2Р)915 | |
| 700 | 1 |
_aЧернышкина _bН. Я. _gНина Яковлевна |
|
| 942 | _cBOOK | ||
| 980 | _aNBR | ||
| 980 | _aNB | ||